000 00192nam a2200085 4500
001 1258501
005 20260311142143.0
245 _aDEDEM ÇOCUK OLDU
_cHİDAYET KARAKUŞ
260 _bBİLGİ ÇOCUK
999 _c1258501
_d1258501